Reputation-Album (Taylor Swift) - Statistics

General Stats
  • This quiz has been taken 225 times
  • The average score is 13 of 15
Answer Stats
Hint Answer % Correct
12. Dress
96%
5. Delicate
94%
2. End Game
94%
1. ...Ready For It?
94%
9. Getaway Car
93%
6. Look What You Made Me Do
91%
15. New Year's Day
89%
8. Gorgeous
87%
4. Don't Blame Me
85%
3. I Did Something Bad
85%
11. Dancing With Our Hands Tied
84%
14. Call It What You Want
82%
13. This Is Why We Can't Have Nice Things
82%
10. King Of My Heart
81%
7. So It Goes...
81%
No matching quizzes found
Score Distribution
Percent of People with Each Score
Percentile by Number Answered
Your Score History
You have not taken this quiz